000 00478nam a2200169Ia 4500
003 GCL
008 140319s9999 xx 000 0 eng d
040 _aGCL /
_cGCL
082 0 4 _a338.9
_bM I
100 1 _aMARTIN, STEPHEN
245 1 0 _aINDUSTRIAL ECONOMICS: ECONOMIC ANALYSIS AND PUBLIC POLICY /
_cMARTIN, STEPHEN
260 _a[S.N] :
_bMACMILLAN PUBBISHING CO ،
_c1994
300 _a623 P
650 0 4 _aECONOMIC THEORY
650 0 4 _aINDUSTRY AND STATE
942 _2ddc
_cBK
999 _c25404
_d25404